[Event "ISR-chT"]
[Site "Israel"]
[Date "2024.02.17"]
[Round "8.5"]
[White "Flom, Gabriel"]
[Black "Soffer, Ram"]
[Result "1/2-1/2"]
[WhiteElo "2439"]
[BlackElo "2442"]
[PlyCount "62"]
[EventDate "2024.01.10"]
[EventType "team-tourn"]
[EventRounds "11"]
[EventCountry "ISR"]
[SourceTitle "CB09_2024"]
[SourceDate "2024.02.28"]
[SourceVersion "1"]
[SourceVersionDate "2024.02.28"]
[SourceQuality "1"]
[WhiteTeam "Petach Tikva"]
[BlackTeam "Herzliya CC"]
[WhiteTeamCountry "ISR"]
[BlackTeamCountry "ISR"]

1. e4 c5 2. Nf3 e6 3. d4 cxd4 4. Nxd4 Nf6 5. Nc3 Nc6 6. Ndb5 Bc5 7. Bf4 0-0 8. Bc7 Qe7 9. Bd6 Bxd6 10. Qxd6 Qd8 11. 0-0-0 a6 12. Nd4 Ne7 13. h4 Ne8 14. Qh2 b5 15. h5 b4 16. h6 g6 17. Na4 Qa5 18. b3 e5 19. Qh4 f6 20. Bc4+ Kh8 21. Ne2 d6 22. f4 exf4 23. Nxf4 g5 24. Qh5 Qe5 25. Nd3 Qa1+ 26. Kd2 Qd4 27. Qe2 Bb7 28. Kc1 Qa1+ 29. Kd2 Qd4 30. Kc1 Qa1+ 31. Kd2 Qd4 1/2-1/2

[Event "Krakow op-A 34th"]
[Site "Krakow"]
[Date "2024.01.04"]
[Round "9"]
[White "Baumegger, Siegfried"]
[Black "Soffer, Ram"]
[Result "1/2-1/2"]
[WhiteElo "2388"]
[BlackElo "2444"]
[PlyCount "124"]
[EventDate "2023.12.27"]
[EventType "swiss"]
[EventRounds "9"]
[EventCountry "POL"]
[SourceTitle "CB02_2024"]
[SourceDate "2024.01.10"]
[SourceVersion "1"]
[SourceVersionDate "2024.01.10"]
[SourceQuality "1"]

1. Nf3 c5 2. b3 d5 3. e3 Nf6 4. Bb2 g6 5. c4 dxc4 6. Bxc4 Bg7 7. 0-0 0-0 8. d4 cxd4 9. Nxd4 Bd7 10. Qe2 Nc6 11. Rd1 Nxd4 12. Bxd4 Qc7 13. Rc1 Bc6 14. Nd2 Rac8 15. a4 Qb8 16. b4 b6 17. Nb3 e5 18. Bb2 Ne4 19. b5 Bb7 20. Rd1 Nd6 21. Bd5 Bxd5 22. Rxd5 Nc4 23. Rad1 Nxb2 24. Qxb2 Rfd8 25. Rxd8+ Rxd8 26. Rxd8+ Qxd8 27. Qc2 e4 28. g3 h5 29. Kg2 f5 30. h4 Kh7 31. Nc1 Be5 32. Ne2 Qd3 33. Qa2 Kg7 34. Ng1 Qd7 35. Nh3 Qf7 36. Qc2 Qc7 37. Qd2 Bc3 38. Qd5 Qf7 39. Qc6 Be5 40. Ng5 Qe7 41. Qd5 Bf6 42. Ne6+ Kh7 43. Qc6 Be5 44. Qc8 Bf6 45. Nf4 Qf7 46. Qc6 Be5 47. Ne6 Qe7 48. Qd5 Bf6 49. Qc4 Be5 50. Kg1 Kh6 51. Kf1 Kh7 52. Kg2 Kh6 53. Qc8 Kh7 54. Nd8 Bg7 55. Ne6 Bf6 56. Nf4 Qf7 57. Qa8 Be5 58. Nd5 Bg7 59. Qd8 Qe6 60. Nc7 Qf7 61. Qc8 Bf6 62. Ne6 Qe7 1/2-1/2

[Event "Krakow op-A 34th"]
[Site "Krakow"]
[Date "2023.12.28"]
[Round "2"]
[White "Kowalczyk, Pawel"]
[Black "Soffer, Ram"]
[Result "0-1"]
[WhiteElo "2295"]
[BlackElo "2444"]
[PlyCount "84"]
[EventDate "2023.12.27"]
[EventType "swiss"]
[EventRounds "9"]
[EventCountry "POL"]
[SourceTitle "CB02_2024"]
[SourceDate "2024.01.10"]
[SourceVersion "1"]
[SourceVersionDate "2024.01.10"]
[SourceQuality "1"]

1. e4 c5 2. Nf3 e6 3. b3 a6 4. Bb2 Nc6 5. Be2 d5 6. exd5 exd5 7. 0-0 Nf6 8. d4 cxd4 9. Nxd4 Bc5 10. Nxc6 bxc6 11. c4 0-0 12. cxd5 cxd5 13. Nc3 d4 14. Na4 Ba7 15. Bf3 Rb8 16. Rc1 Bf5 17. Rc6 d3 18. Rxa6 Bd4 19. Ba3 Re8 20. Rd6 Qe7 21. Qc1 Qe5 22. Nb2 Bxb2 23. Qxb2 Qxb2 24. Bxb2 Ne4 25. Rd5 Nd2 26. Rd1 Nxf3+ 27. gxf3 Bg6 28. Be5 Rb7 29. h4 f6 30. Bc3 h5 31. f4 Be4 32. Re1 Rbe7 33. Rc5 Bf3 34. Rxe7 Rxe7 35. Kh2 Re2 36. Kg3 Be4 37. f5 Rc2 38. Kf4 Bg2 39. Rc8+ Kf7 40. Rc7+ Kg8 41. Rc8+ Kh7 42. Kg3 Bb7 0-1

[Event "ISR-chT"]
[Site "Israel"]
[Date "2023.05.12"]
[Round "11.6"]
[White "Soffer, Ram"]
[Black "Kuzubov, Yuriy"]
[Result "0-1"]
[WhiteElo "2475"]
[BlackElo "2618"]
[PlyCount "132"]
[EventDate "2023.01.11"]
[EventType "team-tourn"]
[EventRounds "11"]
[EventCountry "ISR"]
[SourceTitle "EXT 2024"]
[Source "ChessBase"]
[SourceDate "2023.10.10"]
[SourceVersion "1"]
[SourceVersionDate "2023.10.10"]
[SourceQuality "1"]
[WhiteTeam "Ramat Gan II"]
[BlackTeam "Rehovot"]
[WhiteTeamCountry "ISR"]
[BlackTeamCountry "ISR"]

1. d4 Nf6 2. Nf3 e6 3. c4 d5 4. g3 Be7 5. Bg2 0-0 6. 0-0 dxc4 7. Ne5 c5 8. dxc5 Qc7 9. Nxc4 Bxc5 10. Qb3 Nc6 11. Be3 Bxe3 12. Qxe3 Nd5 13. Qe4 Rd8 14. Nba3 e5 15. Rfd1 Be6 16. Nb5 Qb8 17. Ne3 Nde7 18. Nc3 Rd4 19. Qb1 Qd8 20. b3 Qa5 21. Qb2 Rad8 22. a3 R8d7 23. b4 Qd8 24. Rdc1 Nf5 25. Nf1 Rc4 26. Na4 Rxc1 27. Rxc1 Rd1 28. e3 Rxc1 29. Qxc1 Nfe7 30. Nc5 Bc8 31. Qd2 b6 32. Qxd8+ Nxd8 33. Ne4 Nb7 34. Nfd2 f5 35. Nc3 Nd6 36. Kf1 Kf7 37. Ke1 Ba6 38. Bf1 Bxf1 39. Kxf1 Ke6 40. Ke2 Nd5 41. Nxd5 Kxd5 42. Kd3 g5 43. h3 h5 44. f3 e4+ 45. fxe4+ fxe4+ 46. Kc3 Nf5 47. Nf1 h4 48. gxh4 gxh4 49. Kc2 Nd6 50. Nh2 Nc4 51. Ng4 Nxa3+ 52. Kb3 Nb5 53. Nf6+ Ke5 54. Ng4+ Ke6 55. Kc4 Nd6+ 56. Kd4 a5 57. bxa5 bxa5 58. Kc5 Nf7 59. Kb5 Ng5 60. Nf2 Kf5 61. Kxa5 Nxh3 62. Nxh3 Kg4 63. Nf4 h3 64. Nxh3 Kxh3 65. Kb4 Kg3 66. Kc4 Kf2 0-1

[Event "ISR-chT"]
[Site "Israel"]
[Date "2023.05.06"]
[Round "10.3"]
[White "Gorshtein, Ido"]
[Black "Soffer, Ram"]
[Result "1-0"]
[WhiteElo "2498"]
[BlackElo "2475"]
[PlyCount "99"]
[EventDate "2023.01.11"]
[EventType "team-tourn"]
[EventRounds "11"]
[EventCountry "ISR"]
[SourceTitle "EXT 2024"]
[Source "ChessBase"]
[SourceDate "2023.10.10"]
[SourceVersion "1"]
[SourceVersionDate "2023.10.10"]
[SourceQuality "1"]
[WhiteTeam "Kfar Saba"]
[BlackTeam "Ramat Gan II"]
[WhiteTeamCountry "ISR"]
[BlackTeamCountry "ISR"]

1. d4 d5 2. Nf3 Nf6 3. c4 c6 4. Nc3 dxc4 5. a4 Bf5 6. e3 e6 7. Bxc4 Bb4 8. 0-0 Nbd7 9. Qe2 Bg6 10. Na2 Bd6 11. b4 0-0 12. Bb2 Qb8 13. h3 e5 14. dxe5 Nxe5 15. Nxe5 Bxe5 16. Bxe5 Qxe5 17. f4 Qe4 18. Nc3 Qc2 19. Qe1 Ne4 20. Rc1 Qd2 21. Nxe4 Qxe1 22. Nf6+ gxf6 23. Rfxe1 Be4 24. a5 f5 25. Red1 Rfd8 26. Kf2 Kf8 27. g4 fxg4 28. hxg4 h6 29. Be2 Rd5 30. Rxd5 Bxd5 31. Bf3 Bxf3 32. Kxf3 Rc8 33. e4 b6 34. e5 bxa5 35. bxa5 c5 36. Rc4 Ke7 37. Ke4 Kd7 38. Kd5 Rg8 39. f5 Rg5 40. Rxc5 h5 41. Rb5 hxg4 42. Rb7+ Kc8 43. Rxf7 g3 44. Kc6 Kd8 45. Kd6 Ke8 46. e6 g2 47. Rxa7 Kf8 48. e7+ Kf7 49. Ra8 g1Q 50. e8Q+ 1-0

[Event "EU-ch 23rd"]
[Site "Vrnjacka Banja"]
[Date "2023.03.13"]
[Round "11"]
[White "Livaic, Leon"]
[Black "Soffer, Ram"]
[Result "1-0"]
[WhiteElo "2569"]
[BlackElo "2456"]
[PlyCount "127"]
[EventDate "2023.03.03"]
[EventType "swiss"]
[EventRounds "11"]
[EventCountry "SRB"]
[SourceTitle "CBM 213"]
[Source "ChessBase"]
[SourceDate "2023.04.30"]
[SourceVersion "1"]
[SourceVersionDate "2023.04.30"]
[SourceQuality "1"]

1. Nf3 Nf6 2. c4 c6 3. Nc3 d5 4. e3 e6 5. b3 Nbd7 6. Bb2 Bd6 7. Rc1 a6 8. d4 0-0 9. Be2 b6 10. 0-0 Bb7 11. Qc2 c5 12. cxd5 exd5 13. Rfd1 Qe7 14. Qf5 Rfe8 15. Bd3 Rac8 16. dxc5 bxc5 17. Ne2 Bb8 18. Ng3 g6 19. Qg5 Bxg3 20. hxg3 Ne4 21. Qxe7 Rxe7 22. Rc2 Nb6 23. Rdc1 Rec7 24. Bf1 f6 25. g4 Nd7 26. Ne1 Ng5 27. f3 Ne6 28. Kf2 Kf7 29. Nd3 Bc6 30. Bc3 Bb7 31. Be2 d4 32. Bb2 dxe3+ 33. Kxe3 Nd4 34. Bxd4 cxd4+ 35. Kd2 Rxc2+ 36. Rxc2 Rxc2+ 37. Kxc2 Ke6 38. b4 Kd6 39. a4 g5 40. a5 Kd5 41. Kb3 Bc8 42. Bf1 Bb7 43. Be2 Bc8 44. Nf2 Ne5 45. Bf1 Bb7 46. Ne4 Nd7 47. b5 axb5 48. Kb4 Ke5 49. Bxb5 Nb8 50. Nc5 Ba8 51. Nd3+ Kd5 52. a6 Nc6+ 53. Bxc6+ Bxc6 54. a7 Ba8 55. Nf2 Ke5 56. Kc5 Kf4 57. Kxd4 Kg3 58. Ke3 Kxg2 59. Ne4 h6 60. Nxf6 Kg3 61. Ne4+ Kh3 62. Kf2 Bc6 63. Ng3 Ba8 64. Nf5 1-0

[Event "EU-ch 23rd"]
[Site "Vrnjacka Banja"]
[Date "2023.03.06"]
[Round "4"]
[White "Soffer, Ram"]
[Black "Toktomushev, Teimur"]
[Result "1/2-1/2"]
[WhiteElo "2456"]
[BlackElo "2255"]
[PlyCount "85"]
[EventDate "2023.03.03"]
[EventType "swiss"]
[EventRounds "11"]
[EventCountry "SRB"]
[SourceTitle "CBM 213"]
[Source "ChessBase"]
[SourceDate "2023.04.30"]
[SourceVersion "1"]
[SourceVersionDate "2023.04.30"]
[SourceQuality "1"]

1. e4 c5 2. Nf3 e6 3. d4 cxd4 4. Nxd4 a6 5. Bd3 Bc5 6. Nb3 Ba7 7. Qe2 Nc6 8. Be3 Nge7 9. 0-0 d6 10. c4 0-0 11. Bxa7 Rxa7 12. Nc3 e5 13. Rac1 Be6 14. Nd5 Ra8 15. Qe3 Rc8 16. Rfd1 Kh8 17. c5 Bxd5 18. exd5 Nxd5 19. Qh3 g6 20. Bxg6 fxg6 21. Rxd5 Qf6 22. Qe3 dxc5 23. Rdxc5 Rcd8 24. Nd2 Nb4 25. Ne4 Qe6 26. Rc7 Nd5 27. Rxh7+ Kxh7 28. Ng5+ Kh6 29. Nxe6+ Nxe3 30. Nxf8 Nf5 31. Ne6 Rd6 32. Nc5 Rd2 33. Rb1 Ne7 34. Kf1 Rc2 35. Rd1 Nf5 36. b4 Rxa2 37. Ne6 b5 38. g4 Nd4 39. Nxd4 exd4 40. Rxd4 Ra4 41. Rd6 Rxb4 42. Rxa6 Rxg4 43. Rb6 1/2-1/2

[Event "EU-ch 23rd"]
[Site "Vrnjacka Banja"]
[Date "2023.03.05"]
[Round "3"]
[White "Zverev, Lev"]
[Black "Soffer, Ram"]
[Result "1/2-1/2"]
[WhiteElo "2267"]
[BlackElo "2456"]
[PlyCount "73"]
[EventDate "2023.03.03"]
[EventType "swiss"]
[EventRounds "11"]
[EventCountry "SRB"]
[SourceTitle "CBM 213"]
[Source "ChessBase"]
[SourceDate "2023.04.30"]
[SourceVersion "1"]
[SourceVersionDate "2023.04.30"]
[SourceQuality "1"]

1. e4 c5 2. Nf3 d6 3. d4 cxd4 4. Nxd4 Nf6 5. f3 e5 6. Nb3 d5 7. Bg5 d4 8. c3 Nc6 9. cxd4 Bb4+ 10. Bd2 Nxe4 11. Bxb4 Qh4+ 12. g3 Nxg3 13. hxg3 Qxh1 14. Bc5 Bh3 15. N1d2 0-0-0 16. Qc2 Bxf1 17. 0-0-0 Qh5 18. Nxf1 Kb8 19. d5 Nd4 20. Nxd4 exd4 21. Bxd4 Rxd5 22. Ne3 Rdd8 23. Qa4 b6 24. g4 Qg5 25. Kb1 Qf4 26. Nf5 Qxf3 27. Re1 Qd3+ 28. Ka1 Rhe8 29. Rd1 Qf3 30. Nxg7 Re4 31. Nf5 Rxg4 32. Be5+ Kb7 33. Rd7+ Rxd7 34. Qxd7+ Ka6 35. Qc8+ Qb7 36. Qc1 Qe4 37. Qc8+ 1/2-1/2

[Event "EU-ch 23rd"]
[Site "Vrnjacka Banja"]
[Date "2023.03.03"]
[Round "1"]
[White "Horvat, Damjan"]
[Black "Soffer, Ram"]
[Result "0-1"]
[WhiteElo "2095"]
[BlackElo "2456"]
[PlyCount "106"]
[EventDate "2023.03.03"]
[EventType "swiss"]
[EventRounds "11"]
[EventCountry "SRB"]
[SourceTitle "CBM 213"]
[Source "ChessBase"]
[SourceDate "2023.04.30"]
[SourceVersion "1"]
[SourceVersionDate "2023.04.30"]
[SourceQuality "1"]

1. Nf3 d5 2. b3 c5 3. e3 Nf6 4. Bb2 g6 5. d4 cxd4 6. Nxd4 Bg7 7. Be2 Qa5+ 8. Qd2 Qb6 9. Nc3 0-0 10. 0-0 Bd7 11. Rfd1 Na6 12. Nf3 e6 13. Ne5 Nc5 14. Nxd7 Nfxd7 15. Na4 Nxa4 16. Bxg7 Kxg7 17. bxa4 Nf6 18. c4 Rfd8 19. a5 Qc7 20. Qb4 dxc4 21. Bxc4 Qe5 22. Be2 Rac8 23. Bf3 Rc5 24. h3 Rb5 25. Qe7 Rd7 26. Rxd7 Qxa1+ 27. Rd1 Rb1 28. Rxb1 Qxb1+ 29. Kh2 Qxa2 30. Qc5 b6 31. axb6 axb6 32. Qxb6 Qxf2 33. Qd4 g5 34. Qe5 h6 35. Qd4 Qc2 36. Qe5 Kg6 37. Kg1 h5 38. g4 h4 39. Bg2 Qd1+ 40. Kf2 Qc2+ 41. Kf1 Qd3+ 42. Kf2 Qd2+ 43. Kf1 Qd8 44. Kg1 Kh6 45. Bf3 Nh7 46. Be4 Qf6 47. Qb8 Kg7 48. Bxh7 Kxh7 49. Kg2 Kg7 50. Qd6 Qb2+ 51. Kg1 Qb1+ 52. Kf2 Qe4 53. Qc7 Qd5 0-1

[Event "ISR-chT"]
[Site "Israel"]
[Date "2023.02.04"]
[Round "6.1"]
[White "Yaniv, Yuval"]
[Black "Soffer, Ram"]
[Result "1-0"]
[WhiteElo "2366"]
[BlackElo "2475"]
[PlyCount "97"]
[EventDate "2023.01.11"]
[EventType "team-tourn"]
[EventRounds "11"]
[EventCountry "ISR"]
[SourceTitle "EXT 2024"]
[Source "ChessBase"]
[SourceDate "2023.10.10"]
[SourceVersion "1"]
[SourceVersionDate "2023.10.10"]
[SourceQuality "1"]
[WhiteTeam "Netanya"]
[BlackTeam "Ramat Gan II"]
[WhiteTeamCountry "ISR"]
[BlackTeamCountry "ISR"]

1. e4 c6 2. d4 d5 3. e5 Bf5 4. h4 h5 5. c4 e6 6. Nc3 Nd7 7. cxd5 cxd5 8. Bd3 Bxd3 9. Qxd3 Ne7 10. Bg5 Qb6 11. Nge2 g6 12. 0-0 Nf5 13. Rac1 Bg7 14. Na4 Qa5 15. Nc5 Nxc5 16. Rxc5 Qb6 17. Rfc1 0-0 18. Qd2 Qa6 19. Ra1 Qb6 20. Rac1 Qa6 21. Ng3 Nxg3 22. fxg3 b6 23. Rc7 Rac8 24. b4 Rxc7 25. Rxc7 Qa4 26. Be7 Ra8 27. g4 hxg4 28. h5 Qe8 29. hxg6 Rc8 30. gxf7+ Kxf7 31. Rxa7 Ra8 32. Qf4+ Kg8 33. Rxa8 Qxa8 34. Qxg4 Kf7 35. Bf6 Bxf6 36. Qh5+ Kg7 37. Qg4+ Kf7 38. Qf4 Qg8 39. a4 Ke8 40. exf6 Qg6 41. a5 Qb1+ 42. Kh2 Qh7+ 43. Kg3 Qd3+ 44. Kh4 bxa5 45. bxa5 Qh7+ 46. Kg4 Qd3 47. Kg5 Qa3 48. Qb8+ Kf7 49. Qb7+ 1-0

[Event "ISR-chT"]
[Site "Israel"]
[Date "2023.01.21"]
[Round "4.5"]
[White "Fridman, Daniel"]
[Black "Soffer, Ram"]
[Result "1/2-1/2"]
[WhiteElo "2595"]
[BlackElo "2475"]
[PlyCount "68"]
[EventDate "2023.01.11"]
[EventType "team-tourn"]
[EventRounds "11"]
[EventCountry "ISR"]
[SourceTitle "CBM 212 Extra"]
[Source "ChessBase"]
[SourceDate "2023.03.31"]
[SourceVersion "1"]
[SourceVersionDate "2023.03.31"]
[SourceQuality "1"]
[WhiteTeam "Ashdod II"]
[BlackTeam "Ramat Gan II"]
[WhiteTeamCountry "ISR"]
[BlackTeamCountry "ISR"]

1. d4 d5 2. Nf3 Nf6 3. c4 c6 4. Qc2 dxc4 5. Qxc4 Bf5 6. g3 e6 7. Bg2 Be7 8. 0-0 0-0 9. Nbd2 a5 10. e3 h6 11. Re1 Nbd7 12. e4 Bh7 13. b3 Nb6 14. Qe2 a4 15. Bb2 Bb4 16. a3 Bxd2 17. Nxd2 axb3 18. Nxb3 Na4 19. Nc5 Nxb2 20. Qxb2 b6 21. Nb3 Ra4 22. f3 Qa8 23. Rec1 Rd8 24. Rc3 Nd7 25. Qc1 c5 26. dxc5 Nxc5 27. Nxc5 bxc5 28. Rxc5 Qa7 29. Kh1 Bg6 30. Rc8 Rxc8 31. Qxc8+ Kh7 32. Qc3 Qf2 33. Qe1 Qxe1+ 34. Rxe1 Rxa3 1/2-1/2

[Event "ISR-chT"]
[Site "Israel"]
[Date "2023.01.20"]
[Round "3.5"]
[White "Zanan, Evgeny"]
[Black "Soffer, Ram"]
[Result "1/2-1/2"]
[WhiteElo "2483"]
[BlackElo "2475"]
[PlyCount "101"]
[EventDate "2023.01.11"]
[EventType "team-tourn"]
[EventRounds "11"]
[EventCountry "ISR"]
[SourceTitle "CBM 212 Extra"]
[Source "ChessBase"]
[SourceDate "2023.03.31"]
[SourceVersion "1"]
[SourceVersionDate "2023.03.31"]
[SourceQuality "1"]
[WhiteTeam "Rishon Le Zion"]
[BlackTeam "Ramat Gan II"]
[WhiteTeamCountry "ISR"]
[BlackTeamCountry "ISR"]

1. e4 c6 2. Nf3 d5 3. Nc3 Bg4 4. h3 Bxf3 5. Qxf3 e6 6. Be2 Bc5 7. 0-0 Nd7 8. Qg3 Bd4 9. exd5 exd5 10. Bd3 Ne7 11. b3 Qb8 12. Qg4 Bf6 13. f4 Nc5 14. Ba3 Nxd3 15. Bxe7 Kxe7 16. cxd3 Qd6 17. Rae1+ Kd8 18. Kh1 h5 19. Qf3 h4 20. Nd1 Kc7 21. Ne3 Rae8 22. Ng4 Bd4 23. Ne5 Re7 24. Qg4 Rhe8 25. Qxh4 g5 26. Qg4 gxf4 27. Nf3 Rxe1 28. Rxe1 Rxe1+ 29. Nxe1 Bf2 30. Nf3 Kb6 31. Qf5 f6 32. d4 Bg3 33. Qc2 Qe6 34. Qd1 Qe4 35. d3 Qf5 36. Qe2 a5 37. Kg1 Qh7 38. Kf1 Kc7 39. Qd2 b6 40. Ke2 Kd7 41. Kd1 Qf5 42. Qe2 Qh7 43. Nd2 Qh4 44. Nf3 Qh7 45. Kc2 Qh8 46. Kb2 Qh7 47. a3 Qh8 48. Qd2 Qe8 49. Kc2 Qe7 50. Kb2 Qe8 51. Kc2 1/2-1/2

[Event "Krakow op-A 33rd"]
[Site "Krakow"]
[Date "2022.12.29"]
[Round "3"]
[White "Stanisz, Patryk"]
[Black "Soffer, Ram"]
[Result "0-1"]
[WhiteElo "2164"]
[BlackElo "2471"]
[PlyCount "106"]
[EventDate "2022.12.27"]
[EventType "swiss"]
[EventRounds "9"]
[EventCountry "POL"]
[SourceTitle "CBM 212 Extra"]
[Source "ChessBase"]
[SourceDate "2023.03.31"]
[SourceVersion "1"]
[SourceVersionDate "2023.03.31"]
[SourceQuality "1"]

1. d4 Nf6 2. c4 c5 3. Nf3 cxd4 4. Nxd4 e5 5. Nb5 d5 6. cxd5 Bc5 7. N5c3 0-0 8. e3 Qe7 9. g3 e4 10. Nd2 Bf5 11. Bg2 Nbd7 12. h3 Bb4 13. 0-0 Bxc3 14. bxc3 Nxd5 15. Qb3 Qe6 16. c4 N5b6 17. g4 Bg6 18. Bb2 Nc5 19. Qb5 Nbd7 20. Bd4 b6 21. a4 Rac8 22. a5 h5 23. f3 exf3 24. Bxf3 hxg4 25. Bxg4 Qd6 26. Rf2 Rce8 27. axb6 axb6 28. Bf3 Nd3 29. Rg2 Nf4 30. Rg4 Nxh3+ 31. Kg2 Re5 32. Qc6 Qb4 33. Ra2 Bf5 34. Rg3 Qe7 35. Bd5 Ng5 36. Ra7 Qb4 37. Nf3 Nxf3 38. Kxf3 Qe1 39. Ra2 Rxe3+ 40. Bxe3 Ne5+ 41. Kg2 Nxc6 42. Bxc6 Qb1 43. Ra6 Be4+ 44. Bxe4 Qxe4+ 45. Kh2 Qxc4 46. Rxb6 Qe2+ 47. Kh3 Re8 48. Bg1 Qh5+ 49. Kg2 Re2+ 50. Kf1 Qe5 51. Rbb3 Rc2 52. Rge3 Qa1+ 53. Re1 Qa6+ 0-1

[Event "Jerusalem Israel op"]
[Site "Jerusalem"]
[Date "2019.12.22"]
[Round "9"]
[White "Postny, Evgeny"]
[Black "Soffer, Ram"]
[Result "1/2-1/2"]
[WhiteElo "2605"]
[BlackElo "2490"]
[PlyCount "50"]
[EventDate "2019.12.12"]
[EventType "swiss"]
[EventRounds "9"]
[EventCountry "ISR"]
[SourceTitle "CBM 193 Extra"]
[Source "ChessBase"]
[SourceDate "2020.01.31"]
[SourceVersion "1"]
[SourceVersionDate "2020.01.31"]
[SourceQuality "1"]

1. e4 e5 2. Nf3 Nc6 3. Bc4 Bc5 4. d3 Nf6 5. 0-0 d6 6. c3 a6 7. a4 h6 8. Nbd2 0-0 9. Bb3 Ba7 10. Re1 Re8 11. Nf1 Be6 12. Ng3 d5 13. exd5 Bxd5 14. Bc2 Qd7 15. h3 Rad8 16. Qe2 a5 17. Bd2 Bc5 18. Rad1 Bf8 19. Bc1 g6 20. Nh2 Qe6 21. Nhf1 Bb3 22. Ne4 Nh7 23. Be3 Bxc2 24. Qxc2 b6 25. Ned2 Bg7 1/2-1/2

[Event "Jerusalem Israel op"]
[Site "Jerusalem"]
[Date "2019.12.18"]
[Round "6"]
[White "Gorodetzky, David"]
[Black "Soffer, Ram"]
[Result "1-0"]
[WhiteElo "2483"]
[BlackElo "2490"]
[PlyCount "53"]
[EventDate "2019.12.12"]
[EventType "swiss"]
[EventRounds "9"]
[EventCountry "ISR"]
[SourceTitle "CBM 193 Extra"]
[Source "ChessBase"]
[SourceDate "2020.01.31"]
[SourceVersion "1"]
[SourceVersionDate "2020.01.31"]
[SourceQuality "1"]

1. d4 Nf6 2. c4 e6 3. Nc3 Bb4 4. e3 b6 5. Nge2 Ba6 6. a3 Be7 7. Nf4 d5 8. cxd5 Bxf1 9. dxe6 Ba6 10. exf7+ Kxf7 11. e4 Bc4 12. Be3 Nc6 13. b3 Ba6 14. b4 Bc4 15. Rc1 Qd7 16. e5 Nxe5 17. dxe5 Qf5 18. exf6 Bxf6 19. Ncd5 b5 20. Nxf6 gxf6 21. Qc2 Qe5 22. Qc3 Qf5 23. f3 Rhe8 24. Kf2 Re7 25. Rhe1 Rae8 26. g3 c6 27. Qc2 1-0

[Event "Wch Seniors 50 29th"]
[Site "Bucharest"]
[Date "2019.11.23"]
[Round "11"]
[White "Shabalov, Alexander"]
[Black "Soffer, Ram"]
[Result "1/2-1/2"]
[WhiteElo "2528"]
[BlackElo "2485"]
[PlyCount "150"]
[EventDate "2019.11.12"]
[EventType "swiss"]
[EventRounds "11"]
[EventCountry "ROU"]
[SourceTitle "CBM 193 Extra"]
[Source "ChessBase"]
[SourceDate "2020.01.31"]
[SourceVersion "1"]
[SourceVersionDate "2020.01.31"]
[SourceQuality "1"]

1. e4 c5 2. Nf3 e6 3. d4 cxd4 4. Nxd4 Nc6 5. Nc3 Qc7 6. Be3 a6 7. Qf3 Nf6 8. 0-0-0 h5 9. Nxc6 dxc6 10. Qg3 Qxg3 11. hxg3 e5 12. f3 Be6 13. Be2 Be7 14. g4 g6 15. g3 Rg8 16. g5 Nd7 17. f4 0-0-0 18. Rdf1 f5 19. Bd3 Rgf8 20. exf5 Bxf5 21. Ne4 Rde8 22. Re1 Kd8 23. a3 exf4 24. gxf4 Kc8 25. Bd2 Nb6 26. Nf6 Bxf6 27. Bxf5+ gxf5 28. Rxe8+ Rxe8 29. gxf6 Rf8 30. Rxh5 Rxf6 31. Rh8+ Kd7 32. Rh7+ Kc8 33. Bc3 Rf8 34. Be5 Nd7 35. Bd6 Rg8 36. b3 b5 37. Rf7 Rg1+ 38. Kd2 Rg6 39. Be7 Rg2+ 40. Kd3 Rg3+ 41. Kd2 Rg2+ 42. Kc1 Re2 43. Bb4 Nb6 44. Rxf5 Nd5 45. Bc5 Kd7 46. c4 bxc4 47. bxc4 Nc3 48. Bd4 Na4 49. Ba7 Nc3 50. Bd4 Na4 51. Rf7+ Ke8 52. Rh7 Re4 53. Be5 Rxc4+ 54. Kd2 Nc5 55. Ke3 Ra4 56. Bb2 Re4+ 57. Kf3 Re7 58. Rh8+ Kf7 59. f5 Nd7 60. Kf4 Re1 61. Rh7+ Ke8 62. Bc3 Rc1 63. Bd4 Rc4 64. Ke3 c5 65. Bh8 Rc1 66. Ke4 Re1+ 67. Kd5 Rd1+ 68. Kc6 c4 69. Rh4 Rd3 70. Rxc4 Rxa3 71. Re4+ Kd8 72. f6 Rc3+ 73. Kd6 Rd3+ 74. Kc6 Rc3+ 75. Kd6 Rd3+ 1/2-1/2

[Event "Wch Seniors 50 29th"]
[Site "Bucharest"]
[Date "2019.11.21"]
[Round "9"]
[White "Soffer, Ram"]
[Black "Badea, Bela"]
[Result "1-0"]
[WhiteElo "2485"]
[BlackElo "2420"]
[PlyCount "87"]
[EventDate "2019.11.12"]
[EventType "swiss"]
[EventRounds "11"]
[EventCountry "ROU"]
[SourceTitle "CBM 193 Extra"]
[Source "ChessBase"]
[SourceDate "2020.01.31"]
[SourceVersion "1"]
[SourceVersionDate "2020.01.31"]
[SourceQuality "1"]

1. d4 d6 2. Nf3 Bg4 3. e4 Nf6 4. h3 Bh5 5. Nc3 e6 6. g4 Bg6 7. Qe2 c6 8. h4 h5 9. g5 Nfd7 10. Qe3 Na6 11. a3 Nc7 12. Bd3 e5 13. Ne2 f6 14. b3 Ne6 15. Rg1 Bf7 16. g6 Bg8 17. Bb2 Qc7 18. 0-0-0 b5 19. Kb1 Rb8 20. Nc3 Nf4 21. Ne2 Ne6 22. c3 a5 23. Nd2 b4 24. axb4 axb4 25. c4 Be7 26. d5 Nec5 27. Ng3 Nxd3 28. Qxd3 Nc5 29. Qf3 Bf8 30. Nf5 Ra8 31. Kc2 Rc8 32. Ne3 Be7 33. Ra1 Qd7 34. Qf5 Qb7 35. Ra7 Qb8 36. Rga1 cxd5 37. exd5 Rd8 38. Qf3 Kf8 39. Nf5 Nd7 40. Ne4 Qc8 41. R1a5 Qb8 42. Qd1 Qc8 43. Bc1 Qb8 44. Kb2 1-0

[Event "Wch Seniors 50 29th"]
[Site "Bucharest"]
[Date "2019.11.20"]
[Round "8"]
[White "Chan, Peng Kong"]
[Black "Soffer, Ram"]
[Result "0-1"]
[WhiteElo "2123"]
[BlackElo "2485"]
[PlyCount "44"]
[EventDate "2019.11.12"]
[EventType "swiss"]
[EventRounds "11"]
[EventCountry "ROU"]
[SourceTitle "CBM 193 Extra"]
[Source "ChessBase"]
[SourceDate "2020.01.31"]
[SourceVersion "1"]
[SourceVersionDate "2020.01.31"]
[SourceQuality "1"]

1. Nf3 Nf6 2. c4 e6 3. g3 d5 4. Bg2 dxc4 5. Qa4+ c6 6. Qxc4 b5 7. Qc2 Bb7 8. d4 Nbd7 9. 0-0 c5 10. Nbd2 Rc8 11. dxc5 Nxc5 12. Qd1 Be7 13. b3 Nd5 14. Bb2 Bf6 15. Ne5 Qc7 16. Ndf3 Ne4 17. Qd3 Ndc3 18. Ng4 Be7 19. Rfe1 0-0 20. Rac1 b4 21. Nge5 Rfd8 22. Qc2 Qb6 0-1

[Event "WchT Seniors 50"]
[Site "Rhodes"]
[Date "2019.04.23"]
[Round "8.6"]
[White "Genta, Alejandro"]
[Black "Soffer, Ram"]
[Result "0-1"]
[WhiteElo "2054"]
[BlackElo "2486"]
[PlyCount "46"]
[EventDate "2019.04.16"]
[EventType "team-swiss"]
[EventRounds "9"]
[EventCountry "GRE"]
[SourceTitle "CBM 190 Extra"]
[Source "ChessBase"]
[SourceDate "2019.07.15"]
[SourceVersion "1"]
[SourceVersionDate "2019.07.15"]
[SourceQuality "1"]
[WhiteTeam "Uruguay"]
[BlackTeam "Israel"]
[WhiteTeamCountry "URU"]
[BlackTeamCountry "ISR"]

1. d4 Nf6 2. c4 e6 3. Nc3 Bb4 4. e3 b6 5. Nge2 Ba6 6. a3 Be7 7. Ng3 d5 8. b3 c5 9. Be2 cxd4 10. exd4 0-0 11. 0-0 Nc6 12. Be3 Rc8 13. cxd5 Bxe2 14. Ngxe2 Nxd5 15. Nxd5 Qxd5 16. Nf4 Qf5 17. Ra2 Rfd8 18. d5 exd5 19. g4 Qd7 20. Rd2 d4 21. Nh5 g6 22. Ng3 Bxa3 23. f4 Bd6 0-1